Am nähesten nach Vereinigte Staaten von Kontinent - Statistiken

Allgemein
  • Dieses Quiz wurde 159 mal gespielt
  • Das Durchschnittsergebnis liegt bei 26 aus 30
Antwortstatistiken
Continent Antwort % Korrekt
Nordamerika 0 me Kanada
100%
Nordamerika 0 me Mexiko
100%
Europa 2,026 me Island
99%
Europa 2,555 me Vereinigtes Königreich
98%
Afrika 3,161 me Marokko
97%
Europa 2,514 me Irland
96%
Asien 1,366 me Japan
95%
Europa 2,815 me Spanien
95%
Asien 2 me Russland
94%
Asien 1,664 me China
93%
Nordamerika 93 me Kuba
93%
Europa 1,852 me Portugal
93%
Nordamerika 53 me Bahamas
92%
Südamerika 1,053 me Kolumbien
92%
Südamerika 1,121 me Venezuela
91%
Südamerika 1,758 me Brasilien
88%
Südamerika 1,612 me Ecuador
88%
Asien 2,042 me Nordkorea
87%
Asien 2,300 me Südkorea
87%
Südamerika 1,756 me Peru
86%
Afrika 3,276 me Mauretanien
82%
Afrika 3,341 me Algerien
79%
Ozeanien 1,035 me Kiribati
78%
Afrika 3,529 me Senegal
78%
Nordamerika 471 me Jamaika
75%
Afrika 3,074 me Kap Verde
74%
Ozeanien 2,509 me Samoa
73%
Ozeanien 2,127 me Marshallinseln
70%
Ozeanien 2,700 me Nauru
69%
Ozeanien 2,485 me Tuvalu
68%
Keine übereinstimmenden Quizze gefunden
Verteilung der Resultate
Anzahl Personen mit jedem Resultat
Perzentil nach korrekt beantworteten Fragen
Ihre Resultats-Entwicklung
Sie haben dieses Quiz noch nicht gespielt